| 000 | 00813cab a2200265 4500 | ||
|---|---|---|---|
| 001 | WB3414-37 | ||
| 008 | 090401t1998 xxu||||| |||| 00| 0 eng d | ||
| 035 | _a(Sirsi) u85512 | ||
| 041 | _aeng | ||
| 245 | _aJobs boost for mining area | ||
| 260 | _c1998 | ||
| 350 | _a0 | ||
| 490 |
_aFinancial Times _v8 April 1998, 11(1) |
||
| 520 | _aVentura, a subsidiary of the fashion retail group Next, is to open a £15m customer service centre in the Dearne Valley near Rotherham creating 1,750 jobs in the old mining community. | ||
| 650 | _aCUSTOMER SERVICES CENTRE | ||
| 650 | _aDEARNE VALLEY | ||
| 650 | _aJOB CREATION | ||
| 650 | _aMINING AREAS | ||
| 650 | _aROTHERHAM | ||
| 650 | _aSOUTH YORKSHIRE | ||
| 650 | _aURBAN REGENERATION | ||
| 690 | _aURBAN RENEWAL | ||
| 942 | _n0 | ||
| 948 | _c08/04/1998 | ||
| 999 |
_c53774 _d53774 |
||